00628nam a2200121Ia 4500008004100000245011400041260003600155650014300191650001400334856004400348999001900392952009500411171212s9999 xx 000 0 und d ceditor Ringer, Ronald JeffreyaQueer Words, Queer ImagesbCommunication and the Construction of Homosexuality bNew York University Pressc1994 aHomosexuality -- United States; Homosexuality in television -- United States; Homosexuality in motion pictures; Symbolism in communication aSociology uhttp://www.jstor.org/stable/j.ctt9qfw8w c351551d351551 001040aCLbCLd2017-12-12l0oHQ 76.3.U5 .Q44 1994r2017-12-12 00:00:00w2017-12-12yCBE